00400nam a2200133 i 4500001000300000245004800003250001100051260004200062040000800104041000800112080000700120008004100127856009800168bg00aSłownik geograficzny świata.nT.1,pA-M. aWyd.2. aWarszawa :bWiedza Powszechna,c1977. cBPK apol a91 s pl f |000 0 pol  uhttp://koha.tu.koszalin.pl/cgi-bin/koha/opac-detail.pl?biblionumber=47167yKatalog online BPK